000 00618nam a22002057a 4500
005 20231114162822.0
010 _aENG-138372
020 _a9789393330628
_c425.00
035 _aEN-121904
037 _bDBAD
082 _a540.00
100 _aSinghal, Atul Kumar
_958653
245 _aChemistry/
_cBy Atul Kumar Singhal
_hEnglish
260 _aTelangana
_bUniversities Press (India)
_c2024
270 _a3-6-747/1A& 3-6-7541/1Himayatnagar, Hyderabad
_bTelangana
300 _avp.
_c26cm(pbk)
500 _aFor CBSE Class IX
700 _aAtul Kumar Singhal
_958618
942 _2ddc
_cEN
_h540
_mSIN
999 _c199081
_d199081